[Event "Luxembourg op"]
[Site "Luxembourg"]
[Date "1996.??.??"]
[Round "8"]
[White "Kree, M."]
[Black "D'Amico, G."]
[Result "1/2-1/2"]
[WhiteElo "1865"]
[BlackElo "1775"]
[PlyCount "30"]
[EventDate "1996.??.??"]
[EventType "swiss"]
[EventRounds "9"]
[EventCountry "LUX"]
[SourceTitle "EXT 2005"]
[Source "ChessBase"]
[SourceDate "2004.11.15"]
[SourceVersion "1"]
[SourceVersionDate "2004.11.15"]
[SourceQuality "1"]

1. e4 d5 2. exd5 Qxd5 3. Nc3 Qa5 4. d4 Nf6 5. Nf3 Nc6 6. Be2 Bg4 7. 0-0 e6 8. Bf4 0-0-0 9. Ne5 Bxe2 10. Nxe2 Nxe5 11. Bxe5 Ng4 12. Bg3 e5 13. c3 exd4 14. Nxd4 Nf6 15. Qb3 Qd5 1/2-1/2